000 00407nam a2200133Ia 4500
008 231129s1999||||xx |||||||||||||| ||spa||
020 _a958-693-019-X
040 _bspa
082 _aR 005.64 M294 (EN PROCESO DE DESCARTE) Ej.1 y Ej
245 0 _aManual de informática práctica
260 _c1999
264 _aColombia ( Cali) : Editorial Sol 90
942 _2ddc
_cBKS
999 _c20374
_d20374